| 000 | 00456nam a22001457a 4500 | ||
|---|---|---|---|
| 003 | SGT | ||
| 082 | _a617.96 | ||
| 100 | _aBISLA, KUSUM | ||
| 245 | _aA STUDY TO COMPARE THE EFFECT OF INTRAVENOUS LIGNOCAINE VERSUS INTRAVENOUS NALBUPHINE FOR ATTENUATING THE HAEMODYNAMIC STRESS RESPONSE TO LARYNGOSCOPY AND ENDOTRACHEAL INTUBATION | ||
| 260 |
_aGURUGRAM _bSGT UNIVERSITY _c2021 |
||
| 300 | _a86 | ||
| 650 | _aANAESTHESIA | ||
| 653 | _aM.D | ||
| 942 |
_2ddc _cTH |
||
| 999 |
_c26570 _d26570 |
||